000 00454nmm a2200169Ia 4500
008 251105s9999||||xx |||||||||||||||||und||
020 _a9788415242642
041 _aspa
100 _aRelaño, Alfredo
245 0 _aMemorias en blanco y negro
264 _a[Madrid, España] :
_bCórner,
_c2014
300 _a361 páginas
490 _aCórner
650 _aTravel & Sports
856 _uhttps://public.digitaliapublishing.com/a/32300
942 _cCF
999 _c76592
_d76592